| 000 | 00449 a2200157 4500 | ||
|---|---|---|---|
| 005 | 20250317063802.0 | ||
| 020 | _a0-07-119875-X | ||
| 082 | _a382.1 PUG | ||
| 100 | _aPUGEL, T. A. | ||
| 245 | _aInternational Economics. | ||
| 250 | _a12th Ed. | ||
| 260 |
_aNew York, _bMcGraw Hill, _c2004. |
||
| 300 |
_axix, 776p.: ill.; figure, picture. _bIndex, References. _c23cm. |
||
| 856 |
_yAccess Online Book _fEconomics _dhttp://www.mhhe.com |
||
| 942 |
_2ddc _cBKS |
||
| 999 |
_c703 _d703 |
||